00957cam a22002411 450000100060000000300080000600500170001400800390003103500190007004000320008904100080012108200170012910000190014624500580016526000570022330000760028050000860035650400310044250500390047365100670051265100690057965100670064824226BD-RjUL20211209001025.0140312r19681929nyuabch b 001 0 eng a(BD-RjUL)24292 aDLCcDLCdDLCdBD-RjULbeng aeng00a974.028bWIW aWinthrop, John00aWinthrop papers /bJohn WinthropnVolume Ip1498-1628 aNew York :bRussell & Russell,c1929 [reissued 1968] axxxii,456 p. :billus., facsims., geneal. table, maps, ports. ;c25 cm. aReprint of the ed. first published 1929- by the Massachusetts Historical Society. aBibliographical footnotes.1 av. 1. 1498-1628.--v. 2. 1623-1630. 0aNew EnglandxHistoryyColonial period, ca. 1600-1775xSources. 0aMassachusettsxHistoryyColonial period, ca. 1600-1775xSources. 0aConnecticutxHistoryyColonial period, ca. 1600-1775xSources.